[Event "IECG CF.2006.0.00085 email"]
[Site "IECG email"]
[Date "2006.12.03"]
[Round "?"]
[White "Trevis, Robert R"]
[Black "Pelegrino Filho, Antenor"]
[Result "0-1"]
[WhiteElo "1050"]
[BlackElo "1000"]
[PlyCount "60"]
[EventDate "2006.12.03"]
[EventType "tourn (corr)"]
[EventRounds "6"]
[SourceTitle "Corr 2011"]
[Source "ChessBase"]
[SourceDate "2010.08.31"]
[SourceVersion "1"]
[SourceVersionDate "2010.08.31"]
[SourceQuality "1"]

1. e4 c5 2. d4 cxd4 3. Nf3 Nc6 4. Nxd4 e5 5. Nf3 Nf6 6. Nc3 Bb4 7. Bd3 d5 8. Bd2 Bxc3 9. Bxc3 dxe4 10. Nxe5 exd3 11. cxd3 Nxe5 12. Bxe5 0-0 13. 0-0 Ng4 14. Re1 Nxe5 15. Rxe5 Qd4 16. Qe2 Bg4 17. Qe4 Qxb2 18. Re1 Be6 19. Rh5 g6 20. Rc5 b6 21. Rc7 Qxa2 22. Qe5 Rfd8 23. d4 Qd2 24. Re2 Qxd4 25. Kf1 Bc4 26. Rxc4 Qxc4 27. Qa1 Rd2 28. Qe1 Ra2 29. Qd1 Re8 30. Kg1 Raxe2 0-1